Sports Quiz

Random Sports Quiz
Score 0/22 Timer 05:00
0 Plays Today
Hint Answer % Correct
2008Afonso Alves
85.4%
2006Julio Arca
85%
2007Tuncay
81.4%
2006Jonathan Woodgate
81%
2007Dong Gook Lee
80.2%
2007Jeremie Aliadiere
79.8%
2007Mido
79.4%
2008Marvin Emnes
78.5%
2008Didier Digard
76.5%
2007Mohamed Shawky
74.5%
2008Justin Hoyte
73.1%
Hint Answer % Correct
2006Robert Huth
69.2%
2007Luke Young
63.6%
2007Gary O'Neil
61.1%
2006Jason Euell
60.3%
2009Mark Yeates
59.5%
2009Marlon King
56.3%
2009Leroy Lita
54.3%
2009Danny Coyne
49%
2009Caleb Folan
43.3%
2009Sean St Ledger
39.7%
2006Herold Goulon
29.6%
Remove Ads.
Support Sporcle.
Get the best of Sporcle when you Go Orange. This ad-free experience offers more features, more stats, and more fun while also helping to support Sporcle. Thank you for becoming a member.

You're not logged in!

Compare scores with friends on all Sporcle quizzes.
OR
Log In

Show Comments

Extras

Created Dec 12, 2014ReportNominate
Tags:gareth, middlesbrough, Signed, Signing

Top Quizzes Today


Score Distribution

Your Account Isn't Verified!

In order to create a playlist on Sporcle, you need to verify the email address you used during registration. Go to your Sporcle Settings to finish the process.

Report this User

Report this user for behavior that violates our Community Guidelines.

Details: